| 000 | 01679nam a2200409 a 4500 | ||
|---|---|---|---|
| 001 | 00015156 | ||
| 003 | DO-SdBNP | ||
| 005 | 20180315102711.0 | ||
| 007 | 00015156 | ||
| 008 | 150818s2001 000 spa d | ||
| 020 | _a842162122X | ||
| 040 |
_aBPMSU _bspa _cBPMSU |
||
| 245 | 0 |
_aLengua española 5 : _b nivel básico / _ccolaboradora María C. Liriano Brito |
|
| 260 |
_aSanto Domingo : _bSusaeta _c2001. |
||
| 300 |
_a192 p. : _bil. ; _c30 cm. |
||
| 490 |
_aProyecto dominicano _atodo libro |
||
| 505 |
_gUnidad 1.-- _tEl agua, un bien escaso |
||
| 505 |
_gUnidad 2.-- _t¿Dónde te gustaría vivir? |
||
| 505 |
_gUnidad 3.-- _tMundos siderales |
||
| 505 |
_gUnidad 4.-- _tLa degradación de los espacios |
||
| 505 |
_gUnidad 5.-- _tProtagonistas del espacio : pequeños grandes hombres |
||
| 505 |
_gUnidad 6.-- _tLa ciencia y la técnica cambian el mundo |
||
| 505 |
_gUnidad 7.-- _tMi mundo interior |
||
| 505 |
_gUnidad 8.-- _t¿Qué hago con mi tiempo libre? |
||
| 505 |
_gUnidad 9.-- _tUn lugar para los muñequitos |
||
| 505 |
_gUnidad 10.-- _tImaginación y fantasia : los cuentos |
||
| 505 |
_gUnidad 11.-- _tLa publicidad que nos envuelve |
||
| 505 |
_gUnidad 12.-- _tNos comunicamos a través de las ondas : la radio |
||
| 505 |
_gUnidad 13.-- _tAcercando espacios : las noticias |
||
| 505 |
_gUnidad 14.-- _tUna tierra una cultura : República Dominicana |
||
| 505 |
_gUnidad 15.-- _tEn la oscuridad de la noche |
||
| 700 |
_4Liriano Brito, María C. _ecol. |
||
| 830 | _pProyecto dominicano (República Dominicana ) | ||
| 942 |
_2ddc _cBK |
||
| 945 | _aRemanejado para la BNPHU / 2018 VM | ||
| 956 |
_aVMATEO _b10 _c20150909 _lBPMSU _h000151 |
||
| 999 |
_c9820 _d9820 |
||